Výučba odbornej terminológie na fakultách nefilologického zamerania

Výučba komunikačnej kompetencie a komunikačné zručnosti. Pozitívna motivácia študentov. Vyučovanie odborného jazyka. Postupnosť úloh a cvičení pri práci s odborným textom v cudzom jazyku. Typy cvičení zamerané na upevnenie si novej slovnej zásoby. Význam prekladu odborného textu.

Enregistré dans:
Détails bibliographiques
Auteur principal: Meľsitová, Jolana
Format: Chapitre de livre
Langue:slovaque
Sujets:
Tags: Ajouter un tag
Pas de tags, Soyez le premier à ajouter un tag!

MARC

LEADER 00000nla a2200000 4500
001 0208968
005 20240502073454.3
041 0 |a slo 
044 |a SK 
245 1 0 |a Výučba odbornej terminológie na fakultách nefilologického zamerania  |c Jolana Meľsitová 
520 |a Výučba komunikačnej kompetencie a komunikačné zručnosti. Pozitívna motivácia študentov. Vyučovanie odborného jazyka. Postupnosť úloh a cvičení pri práci s odborným textom v cudzom jazyku. Typy cvičení zamerané na upevnenie si novej slovnej zásoby. Význam prekladu odborného textu. 
610 2 0 |a jazyky cudzie 
610 2 0 |a jazyk odborný 
610 2 0 |a terminológia 
610 2 0 |a vzdelávanie 
610 2 0 |a preklady 
100 1 |a Meľsitová, Jolana